| 000 | 01572cam a2200433 a 4500 | ||
|---|---|---|---|
| 001 | 21554 | ||
| 003 | VRT | ||
| 005 | 20260305083033.0 | ||
| 008 | 240226s2002 xo a br 000 j slo | ||
| 015 | _aSNBA2002/12-04100 | ||
| 020 | _a8006011133 | ||
| 035 | _aSNK000397444 | ||
| 035 | _aurn:nbn:sk:snk-am3it86 | ||
| 035 | _a1A397C77-9B76-4966-9643-6C55FB992143 | ||
| 035 | _aurn:nbn:sk:snk-am00fh1h | ||
| 039 | 9 |
_a202402262132 _bVLOAD _c202203280847 _dAUTHORITY _c202109061609 _dVLOAD _c202108271613 _dVLOAD |
|
| 040 |
_aSNK _bslo _cSNK _eAACR2 |
||
| 041 | 1 |
_aslo _hcze |
|
| 044 |
_axo _cSK |
||
| 080 |
_a885.0-3(087.5) _21981 |
||
| 100 | 1 |
_aBřezinová, Ivona, _d1964- _4aut |
|
| 240 | 1 | 0 |
_aJak to bylo dál ...? _lSlovensky |
| 245 | 1 | 0 |
_aA čo bolo ďalej? _bpokračovanie siedmich najkrajších rozprávok _cIvona Březinová ; [z českého originálu přeložila Mária Smoláriková ; ilustroval Jozef Cesnak] |
| 260 |
_aBratislava _bMladé letá _c2002 |
||
| 300 |
_a81 s. _bfareb. ilustr. _c21 cm |
||
| 490 | 1 | _aPrvé čítanie | |
| 655 | 7 |
_ačeské rozprávky _2SNKPH |
|
| 655 | 7 |
_aautorské rozprávky _2SNKPH |
|
| 655 | 7 |
_aliteratúra pre deti _2SNKPH |
|
| 700 | 1 |
_aCesnak, Jozef, _d1936-2021 _4ill |
|
| 700 | 1 |
_aSmoláriková, Mária, _d1951- _4trl |
|
| 830 | 0 | _aPrvé čítanie | |
| 910 | _asnk | ||
| 942 |
_2ddc _cKLDE _n0 |
||
| 949 |
_62889367558 _asavukPV 4875 |
||
| 949 |
_617A0359734 _asnkSC 109566 _bsnkKSP 12528/2002 _s6100:20201125 |
||
| 949 |
_617A0359735 _asnkSC 109566 D1 _bsnkKSP 12529/2002 |
||
| 949 |
_6273K0122803 _asvkpoA 181908 _bsvkpo453792 |
||
| 999 |
_c21554 _d21554 |
||